| 000 | 00366nam a2200133Ia 4500 | ||
|---|---|---|---|
| 008 | 240624s9999 xx 000 0 und d | ||
| 041 | _aeng | ||
| 082 | _a658.16 HAR | ||
| 100 | _aHARVARD BUSINESS SCHOOL PRESS | ||
| 245 | _aMANAGING CHANGE AND TRANSITION | ||
| 260 |
_c2003 _aBoston _bHarvard Businesss School Press |
||
| 300 | _avi, : 138p. ; 23cm. | ||
| 365 |
_cRS _b30 |
||
| 999 |
_c4703 _d4703 |
||